Containing Arab nationalism : (Record no. 8545)
[ view plain ]
| 000 -LEADER | |
|---|---|
| fixed length control field | 01696nac a22003011u 4500 |
| 010 ## - LIBRARY OF CONGRESS CONTROL NUMBER | |
| LC control number | 2003017879 |
| 020 ## - INTERNATIONAL STANDARD BOOK NUMBER | |
| International Standard Book Number | 0807828343 (cloth : alk. paper) |
| 020 ## - INTERNATIONAL STANDARD BOOK NUMBER | |
| International Standard Book Number | 0807855081 (pbk. : alk. paper) |
| 082 00 - DEWEY DECIMAL CLASSIFICATION NUMBER | |
| Classification number | 327.7301749 |
| Item number | YAQ |
| 090 ## - LOCALLY ASSIGNED LC-TYPE CALL NUMBER (OCLC); LOCAL CALL NUMBER (OCLC) | |
| -- | 8545 |
| -- | 8545 |
| 100 ## - MAIN ENTRY--PERSONAL NAME | |
| Personal name | Yaqub, Salim. |
| 245 10 - TITLE STATEMENT | |
| Title | Containing Arab nationalism : |
| Remainder of title | the Eisenhower doctrine and the Middle East / |
| Statement of responsibility, etc | Salim Yaqub. |
| 260 ## - PUBLICATION, DISTRIBUTION, ETC. (IMPRINT) | |
| Place of publication, distribution, etc | Chapel Hill : |
| Name of publisher, distributor, etc | University of North Carolina Press,c2004. |
| Date of publication, distribution, etc | c2004. |
| 300 ## - PHYSICAL DESCRIPTION | |
| Extent | x, 377 p. : |
| Other physical details | ill. maps ; |
| Dimensions | 25 cm. |
| 440 #4 - | |
| -- | The new Cold War history |
| 500 ## - GENERAL NOTE | |
| General note | Distributer: Baccah. |
| 504 ## - BIBLIOGRAPHY, ETC. NOTE | |
| Bibliography, etc | Includes bibliographical references (p. [347]-359) and index. |
| 505 0# - FORMATTED CONTENTS NOTE | |
| Formatted contents note | The United States and the Arab Middle East, 1941-1956 -- Birth of a doctrine, November 1956-January 1957 -- Launching the doctrine, January-April 1957 -- The conservative moment, March-June 1957 -- The Syrian crisis, July-December 1957 -- The Nasserist onslaught, January-April 1958 -- The Lebanese crisis, April-July 1958 -- Death of a doctrine, July 1958-December 1960. |
| 511 ## - PARTICIPANT OR PERFORMER NOTE | |
| Participant or performer note | Catalogued By: Mahitab. |
| 650 #0 - SUBJECT ADDED ENTRY--TOPICAL TERM | |
| Topical term or geographic name as entry element | Arab nationalism. |
| 651 #0 - SUBJECT ADDED ENTRY--GEOGRAPHIC NAME | |
| Geographic name | Middle East |
| General subdivision | Foreign relations |
| Geographic subdivision | United States. |
| 651 #0 - SUBJECT ADDED ENTRY--GEOGRAPHIC NAME | |
| Geographic name | United States |
| General subdivision | Foreign relations |
| Geographic subdivision | Middle East. |
| 651 #0 - SUBJECT ADDED ENTRY--GEOGRAPHIC NAME | |
| Geographic name | United States |
| General subdivision | Foreign relations |
| Chronological subdivision | 1953-1961. |
| 856 42 - ELECTRONIC LOCATION AND ACCESS | |
| Materials specified | Publisher description |
| Uniform Resource Identifier | <a href="http://www.loc.gov/catdir/description/unc041/2003017879.html">http://www.loc.gov/catdir/description/unc041/2003017879.html</a> |
| 856 42 - ELECTRONIC LOCATION AND ACCESS | |
| Materials specified | Table of contents |
| Uniform Resource Identifier | <a href="http://www.loc.gov/catdir/toc/ecip047/2003017879.html">http://www.loc.gov/catdir/toc/ecip047/2003017879.html</a> |
| 942 ## - ADDED ENTRY ELEMENTS (KOHA) | |
| Item type | Book - Borrowing |
| Call number prefix | 327.7301749YAQ |
| Withdrawn status | Item status | Damaged status | Not for loan | Home library | Current library | Shelving location | Date acquired | Source of acquisition | Total Checkouts | Total Renewals | Full call number | Barcode | Date last seen | Date last borrowed | Koha item type |
|---|---|---|---|---|---|---|---|---|---|---|---|---|---|---|---|
| Central Library | Central Library | First floor | 08/03/2012 | Purchase | 15 | 85 | 327.7301749YAQ | 000010373 | 15/07/2025 | 29/10/2019 | Book - Borrowing |